NCAAF Power 5 Conference Champions - Statistics

General Stats
  • This quiz has been taken 405 times
  • The average score is 70 of 79
Answer Stats
Hint Winner % Correct
2018 SEC Winner Alabama
100%
2016 SEC Winner Alabama
100%
2015 SEC Winner Alabama
100%
2014 SEC Winner Alabama
100%
2012 SEC Winner Alabama
100%
2009 SEC Winner Alabama
100%
1999 SEC Winner Alabama
100%
1992 SEC Winner Alabama
100%
2019 Big Ten Winner Ohio State
97%
2018 Big Ten Winner Ohio State
97%
2017 Big Ten Winner Ohio State
97%
2014 Big Ten Winner Ohio State
97%
2019 PAC Twelve Winner Oregon
97%
2014 PAC Twelve Winner Oregon
97%
2011 PAC Twelve Winner Oregon
97%
2019 ACC Winner Clemson
96%
2018 ACC Winner Clemson
96%
2017 ACC Winner Clemson
96%
2016 ACC Winner Clemson
96%
2015 ACC Winner Clemson
96%
2011 ACC Winner Clemson
96%
2017 SEC Winner Georgia
95%
2005 SEC Winner Georgia
95%
2002 SEC Winner Georgia
95%
2019 SEC Winner LSU
95%
2011 SEC Winner LSU
95%
2007 SEC Winner LSU
95%
2003 SEC Winner LSU
95%
2001 SEC Winner LSU
95%
2008 SEC Winner Florida
93%
2006 SEC Winner Florida
93%
2000 SEC Winner Florida
93%
1996 SEC Winner Florida
93%
1995 SEC Winner Florida
93%
1994 SEC Winner Florida
93%
1993 SEC Winner Florida
93%
2019 Big Twelve Winner Oklahoma
93%
2018 Big Twelve Winner Oklahoma
93%
2017 Big Twelve Winner Oklahoma
93%
2010 Big Twelve Winner Oklahoma
93%
2008 Big Twelve Winner Oklahoma
93%
2007 Big Twelve Winner Oklahoma
93%
2006 Big Twelve Winner Oklahoma
93%
2004 Big Twelve Winner Oklahoma
93%
2002 Big Twelve Winner Oklahoma
93%
2000 Big Twelve Winner Oklahoma
93%
2017 PAC Twelve Winner USC
93%
2018 PAC Twelve Winner Washington
93%
2016 PAC Twelve Winner Washington
93%
2009 Big Twelve Winner Texas
91%
2005 Big Twelve Winner Texas
91%
1996 Big Twelve Winner Texas
91%
2014 ACC Winner Florida State
90%
2013 ACC Winner Florida State
90%
2012 ACC Winner Florida State
90%
2010 ACC Winner Florida State
90%
2005 ACC Winner Florida State
90%
2015 Big Ten Winner Michigan State
90%
2013 Big Ten Winner Michigan State
90%
2016 Big Ten Winner Penn State
83%
2013 SEC Winner Auburn
82%
2010 SEC Winner Auburn
82%
2004 SEC Winner Auburn
82%
2012 Big Ten Winner Wisconsin
76%
2011 Big Ten Winner Wisconsin
76%
2015 PAC Twelve Winner Stanford
74%
2013 PAC Twelve Winner Stanford
74%
2012 PAC Twelve Winner Stanford
74%
1998 SEC Winner Tennessee
74%
1997 SEC Winner Tennessee
74%
1999 Big Twelve Winner Nebraska
72%
1997 Big Twelve Winner Nebraska
72%
1998 Big Twelve Winner Texas A&M
64%
2003 Big Twelve Winner Kansas State
63%
2001 Big Twelve Winner Colorado
61%
2008 ACC Winner Virginia Tech
61%
2007 ACC Winner Virginia Tech
61%
2009 ACC Winner Georgia Tech
60%
2006 ACC Winner Wake Forest
47%
No matching quizzes found
Score Distribution
Percent of People with Each Score
Percentile by Number Answered
Your Score History
You have not taken this quiz